000 00907cam a2200157 4500500
005 20260405085651.0
041 _afre
042 _adc
100 1 0 _aCSP
_eauthor
700 1 0 _aLebreton, Philippe
_eauthor
700 1 0 _aCSP
_eauthor
245 0 0 _aLes 5 clés pour prendre la parole en public
260 _bDunod,
_c2015.
520 _aLe petit livre qui fait de toute prise de parole un RDV avec le succès ! → Un guide pour construire son intervention de A à Z : de la recherche des idées au dernier mot de la conclusion. → Des conseils très pratiques pour rendre son discours percutant et conquérir son auditoire. → Des repères, exercices et auto-évaluations pour piloter sa performance. Avec les 5 clés, cultiver vos talents c’est facile !
856 4 1 _uhttps://shs.cairn.info/les-5-cles-pour-prendre-la-parole-en-public--9782100724390?lang=fr&redirect-ssocas=7080
999 _c2199401
_d2199401